[Event "Hennebont Grand Prix"]
[Site "Hennebont"]
[Date "2006.08.06"]
[Round "5"]
[White "Le Bail, Daniel"]
[Black "Le Gall, Loic"]
[Result "1/2-1/2"]
[WhiteElo "1510"]
[BlackElo "1620"]
[PlyCount "113"]
[EventDate "2006.08.05"]
[EventType "swiss"]
[EventRounds "7"]
[EventCountry "FRA"]
[SourceTitle "EXT 2007"]
[Source "ChessBase"]
[SourceDate "2006.11.23"]
[SourceVersion "1"]
[SourceVersionDate "2006.11.23"]
[SourceQuality "1"]

1. e4 d5 2. exd5 e6 3. Bb5+ Bd7 4. Bxd7+ Qxd7 5. dxe6 Qe7 6. Qe2 f6 7. d4 Qd6 8. Nf3 Nc6 9. c3 0-0-0 10. 0-0 Re8 11. Re1 Nd8 12. Be3 Rxe6 13. Nbd2 g5 14. Nc4 Qd5 15. Qd3 h5 16. b4 h4 17. Na5 h3 18. Qc4 Qe4 19. Bd2 Qg4 20. Nh4 Rxh4 21. Qd5 Rxe1+ 22. Rxe1 Qxg2+ 23. Qxg2 hxg2 24. Re8 Bd6 25. Nc4 Nh6 26. Nxd6+ cxd6 27. f3 Nhf7 28. Kxg2 Kd7 29. Re2 b5 30. Kg3 d5 31. Be1 Ne6 32. a4 Nh6 33. Ra2 Nf5+ 34. Kg2 Nf4+ 35. Kh1 Rh3 36. Bd2 Ng3+ 37. Kg1 Nfe2+ 38. Kg2 Ng1 39. hxg3 Rh8 40. Kxg1 Rb8 41. axb5 Rb7 42. f4 g4 43. f5 Kc7 44. Bh6 Kb6 45. Ra6+ Kxb5 46. Rxf6 Kc4 47. Bd2 Re7 48. Kf2 Kd3 49. Re6 Rh7 50. f6 Rf7 51. Bg5 Kxc3 52. b5 Kxd4 53. Re7 Rf8 54. f7 Kc5 55. Bh6 Rxf7+ 56. Rxf7 Kxb5 57. Be3 1/2-1/2

[Event "Hennebont Grand Prix"]
[Site "Hennebont"]
[Date "2006.08.05"]
[Round "2"]
[White "Forlot, Dominique"]
[Black "Le Bail, Daniel"]
[Result "0-1"]
[WhiteElo "1300"]
[BlackElo "1510"]
[PlyCount "66"]
[EventDate "2006.08.05"]
[EventType "swiss"]
[EventRounds "7"]
[EventCountry "FRA"]
[SourceTitle "EXT 2007"]
[Source "ChessBase"]
[SourceDate "2006.11.23"]
[SourceVersion "1"]
[SourceVersionDate "2006.11.23"]
[SourceQuality "1"]

1. e4 c6 2. d4 d5 3. Nc3 dxe4 4. Nxe4 Bf5 5. Ng3 Bg6 6. Nf3 Nd7 7. Qe2 e6 8. Bg5 Ngf6 9. Ne5 Qa5+ 10. c3 Nxe5 11. Qxe5 Qxe5+ 12. dxe5 Nd7 13. f4 Bc5 14. f5 Bxf5 15. Nxf5 exf5 16. Bf4 Nb6 17. Bd3 Nd5 18. Bd2 Ne3 19. g3 g6 20. Ke2 Ng4 21. b4 Bb6 22. c4 Nxe5 23. Bc2 Nxc4 24. Bg5 0-0 25. Rad1 f6 26. Bh6 Rfe8+ 27. Kf3 Ne5+ 28. Kg2 Ng4 29. Bb3+ Kh8 30. Bc1 Be3 31. Bb2 Bb6 32. Rd6 Re2+ 33. Kf3 Rf2# 0-1

[Event "Hennebont Grand Prix"]
[Site "Hennebont"]
[Date "2006.08.05"]
[Round "3"]
[White "Le Bail, Daniel"]
[Black "Le Gouill, Erwann"]
[Result "0-1"]
[WhiteElo "1510"]
[BlackElo "1790"]
[PlyCount "81"]
[EventDate "2006.08.05"]
[EventType "swiss"]
[EventRounds "7"]
[EventCountry "FRA"]
[SourceTitle "EXT 2007"]
[Source "ChessBase"]
[SourceDate "2006.11.23"]
[SourceVersion "1"]
[SourceVersionDate "2006.11.23"]
[SourceQuality "1"]

1. e4 e6 2. Nc3 d5 3. exd5 exd5 4. d4 Nf6 5. h3 Be7 6. Nf3 0-0 7. Bd3 b6 8. Bf4 Nbd7 9. Qd2 c5 10. Ne2 Bb7 11. c3 Ne4 12. Qc2 Ndf6 13. Nh2 c4 14. Bxe4 Nxe4 15. Ng3 Bg5 16. Bxg5 Qxg5 17. Nf3 Qe7 18. 0-0-0 b5 19. Rde1 Qd6 20. Nf5 Qf4+ 21. Ne3 a5 22. Rhf1 b4 23. Ne5 bxc3 24. bxc3 Bc8 25. g3 Qh6 26. N5g4 Bxg4 27. hxg4 f5 28. Rh1 Qd6 29. Nxf5 Qa3+ 30. Qb2 Qxb2+ 31. Kxb2 Nxf2 32. Ne7+ Kf7 33. Rhf1 Ke8 34. Ng6+ Kd8 35. Rxf2 Rxf2+ 36. Ka3 hxg6 37. Re5 Rf3 38. Rxd5+ Ke7 39. Re5+ Kf6 40. g5+ Kf7 41. g4 0-1

[Event "Ile et Vilaine-ch"]
[Site "Ile et Vilaine"]
[Date "2003.05.25"]
[Round "5"]
[White "Le Bail, Daniel"]
[Black "Guilleux, Florent"]
[Result "0-1"]
[WhiteElo "1340"]
[BlackElo "1499"]
[PlyCount "80"]
[EventDate "2002.10.19"]
[EventType "swiss"]
[EventRounds "7"]
[EventCountry "FRA"]
[SourceTitle "EXT 2008"]
[Source "ChessBase"]
[SourceDate "2007.11.25"]
[SourceVersion "1"]
[SourceVersionDate "2007.11.25"]
[SourceQuality "1"]

1. e4 e5 2. f4 exf4 3. Nf3 Nf6 4. e5 Nd5 5. c4 Nb6 6. d4 d5 7. exd6 Bxd6 8. c5 Bxc5 9. dxc5 Qxd1+ 10. Kxd1 Nd5 11. Bc4 Be6 12. Bxd5 Bxd5 13. Bxf4 Na6 14. Nc3 0-0-0 15. Ke2 Bc4+ 16. Kf2 f6 17. Be3 Rhe8 18. Rhe1 Nb4 19. Rad1 Nd3+ 20. Kg3 Nxe1 21. Rxd8+ Kxd8 22. Kf2 Nd3+ 23. Ke2 c6 24. b3 Ba6 25. Nd4 Nxc5+ 26. Kf3 Bd3 27. Nxc6+ bxc6 28. Bxc5 a6 29. Be3 h6 30. b4 g5 31. Nd1 f5 32. g3 a5 33. Bb6+ Kd7 34. Bxa5 Be2+ 35. Kf2 Bxd1 36. h4 gxh4 37. gxh4 h5 38. Kg3 Rf8 39. Kf4 Ke6 40. Bc7 Ra8 0-1

[Event "Ile et Vilaine-ch"]
[Site "Ile et Vilaine"]
[Date "2002.10.19"]
[Round "1"]
[White "Le Bail, Daniel"]
[Black "Le Guillerm, Bruno"]
[Result "1-0"]
[WhiteElo "1370"]
[BlackElo "1499"]
[PlyCount "69"]
[EventDate "2002.10.19"]
[EventType "swiss"]
[EventRounds "7"]
[EventCountry "FRA"]
[SourceTitle "EXT 2008"]
[Source "ChessBase"]
[SourceDate "2007.11.25"]
[SourceVersion "1"]
[SourceVersionDate "2007.11.25"]
[SourceQuality "1"]

1. e4 e5 2. f4 exf4 3. Nf3 h6 4. Bc4 d6 5. d3 g5 6. Nc3 Nf6 7. Bd2 Be6 8. Nd5 Bg7 9. Bc3 c6 10. Nxf6+ Bxf6 11. Bxe6 fxe6 12. e5 Bg7 13. Nd4 Bxe5 14. Qe2 Qf6 15. Qf2 a6 16. 0-0-0 b5 17. Rhe1 b4 18. Bxb4 Bxd4 19. Qf3 Bxb2+ 20. Kb1 Bd4 21. Bxd6 Qf5 22. Kc1 Be3+ 23. Rd2 Kd7 24. Ba3 Bxd2+ 25. Kxd2 Qa5+ 26. Kd1 Qxa3 27. Qe4 Qe7 28. Qd4+ Kc7 29. Qxh8 Nd7 30. Qxa8 Kb6 31. Re4 e5 32. Rc4 Qd6 33. Kd2 Qd5 34. Qd8+ Kb5 35. a4# 1-0

[Event "Ile et Vilaine-chA 0001"]
[Site "Ile et Vilaine"]
[Date "2001.01.27"]
[Round "5"]
[White "Le Bail, Daniel"]
[Black "Hugg, Christophe"]
[Result "0-1"]
[WhiteElo "1499"]
[BlackElo "1530"]
[PlyCount "148"]
[EventDate "2000.10.21"]
[EventType "swiss"]
[EventRounds "7"]
[EventCountry "FRA"]
[SourceTitle "EXT 2007"]
[Source "ChessBase"]
[SourceDate "2006.11.23"]
[SourceVersion "1"]
[SourceVersionDate "2006.11.23"]
[SourceQuality "1"]

1. e4 d6 2. Bc4 Nf6 3. Nc3 g6 4. d3 Bg7 5. Nf3 Nc6 6. Ng5 Ne5 7. Bb3 e6 8. f4 Nc6 9. f5 Qe7 10. 0-0 h6 11. Nf3 Bd7 12. Nb5 0-0-0 13. Qe1 a6 14. Nbd4 Rde8 15. Bd2 Nxd4 16. Nxd4 Ng4 17. Bc3 Be5 18. Nf3 Bxc3 19. bxc3 exf5 20. h3 Ne5 21. Bd5 Nxf3+ 22. Rxf3 fxe4 23. Bxe4 f5 24. Bxb7+ Kd8 25. Qf2 Bc8 26. Rb1 Bxb7 27. Rxb7 Rhg8 28. Qa7 Qe1+ 29. Kh2 Qxc3 30. d4 Qc6 31. d5 Qxc2 32. Re3 Kd7 33. Ra3 Re2 34. Rg3 g5 35. Qxa6 Qc5 36. Qxe2 Qxd5 37. Rb5 Qd4 38. Qd3 Qf6 39. Qxf5+ Qxf5 40. Rxf5 Ke6 41. Ra5 d5 42. Re3+ Kd6 43. Rd3 c5 44. Kg3 d4 45. Kf3 Kd5 46. Kg4 Ke4 47. Rd1 c4 48. Re1+ Kd3 49. Kf3 Rf8+ 50. Kg3 Kd2 51. Rae5 d3 52. Rb1 Kc2 53. Ree1 d2 54. Rg1 c3 55. a4 Kd3 56. Ra1 c2 57. a5 Rc8 58. Rac1 dxc1Q 59. Rxc1 Kd2 60. Ra1 c1Q 61. Rxc1 Rxc1 62. Kg4 Ra1 63. Kh5 Rxa5 64. Kxh6 Ke3 65. g4 Kf4 66. Kh5 Ra3 67. h4 gxh4 68. Kxh4 Rg3 69. Kh5 Rxg4 70. Kh6 Rg5 71. Kh7 Kf5 72. Kh6 Kf6 73. Kh7 Rg1 74. Kh6 Rh1# 0-1

[Event "Ile et Vilaine-chA 0001"]
[Site "Ile et Vilaine"]
[Date "2000.12.02"]
[Round "3"]
[White "Le Bail, Daniel"]
[Black "Mariau, Noel"]
[Result "0-1"]
[WhiteElo "1499"]
[BlackElo "1360"]
[PlyCount "58"]
[EventDate "2000.10.21"]
[EventType "swiss"]
[EventRounds "7"]
[EventCountry "FRA"]
[SourceTitle "EXT 2007"]
[Source "ChessBase"]
[SourceDate "2006.11.23"]
[SourceVersion "1"]
[SourceVersionDate "2006.11.23"]
[SourceQuality "1"]

1. e4 e6 2. Nc3 d5 3. Nf3 Nf6 4. exd5 exd5 5. d4 c6 6. Bd3 Bd6 7. Bg5 0-0 8. 0-0 Re8 9. Re1 Rxe1+ 10. Qxe1 Bg4 11. Ne5 Be6 12. f4 h6 13. Bh4 c5 14. Na4 cxd4 15. Qg3 Nc6 16. Re1 Rb8 17. b3 Be7 18. f5 Nh5 19. Qf3 Bxh4 20. fxe6 Qf6 21. g3 Nxe5 22. Qxh5 Nf3+ 23. Kg2 Nxe1+ 24. Kh3 Nxd3 25. cxd3 Qxe6+ 26. g4 Qe3+ 27. Kxh4 Qf2+ 28. Kh3 Re8 29. Qxd5 Re3+ 0-1